Nigeria: the making of a Nation (Record no. 487340)

000 -LEADER
fixed length control field 00348cam a22001097a 4500
008 - FIXED-LENGTH DATA ELEMENTS--GENERAL INFORMATION
fixed length control field 180718b1960 xxu||||| |||| 00| 0 eng d
082 ## - DEWEY DECIMAL CLASSIFICATION NUMBER
Classification number A6x669 Un3
100 ## - MAIN ENTRY--PERSONAL NAME
Personal name United Kingdom. High Commissioner
245 ## - TITLE STATEMENT
Title Nigeria: the making of a Nation
Statement of responsibility, etc. by High Commissioner
260 ## - PUBLICATION, DISTRIBUTION, ETC.
Place of publication, distribution, etc. New Delhi
Name of publisher, distributor, etc. British Information Services in India
Date of publication, distribution, etc. 1960
300 ## - PHYSICAL DESCRIPTION
Extent 65p.
Holdings
Withdrawn status Lost status Damaged status Not for loan Permanent Location Current Location Date acquired Full call number Barcode Date last seen Price effective from Koha item type
        Indian Institute of Public Administration Indian Institute of Public Administration 2018-08-04 A6x669 Un3 GG32551 2018-08-04 2018-08-04 GG

Powered by Koha